[Event "Titled Tuesday intern op 16th Apr Late"]
[Site "Chess.com INT"]
[Date "2024.04.16"]
[Round "6"]
[White "Sumets, Andrey"]
[Black "Rangel, Daniel"]
[Result "1-0"]
[WhiteElo "2514"]
[BlackElo "2160"]
[PlyCount "123"]
[EventDate "2024.04.16"]
[EventType "swiss (blitz)"]
[EventRounds "11"]
[EventCountry "USA"]
[SourceTitle "CB17_2024"]
[SourceDate "2024.04.24"]
[SourceVersion "1"]
[SourceVersionDate "2024.04.24"]
[SourceQuality "1"]

1. Nf3 Nf6 2. c4 e6 3. Nc3 d5 4. d4 Be7 5. Bf4 0-0 6. e3 c6 7. h3 b6 8. Rc1 Bb7 9. a3 Nbd7 10. Bd3 Re8 11. cxd5 exd5 12. 0-0 Nf8 13. Ne5 N6d7 14. Qg4 Nxe5 15. Bxe5 f6 16. Bf4 Bd6 17. Bxd6 Qxd6 18. Rc2 Re7 19. Rfc1 Rae8 20. Ne2 g6 21. Qg3 Qd7 22. h4 f5 23. b4 b5 24. Nf4 a6 25. h5 Rg7 26. Qh3 Ne6 27. h6 Nxf4 28. exf4 Rge7 29. Qh4 Qd6 30. Kf1 Re6 31. Re2 Rxe2 32. Bxe2 Qe7 33. Qxe7 Rxe7 34. Bd3 Kf7 35. g3 Kf6 36. Kg2 Re6 37. Kf3 g5 38. fxg5+ Kxg5 39. Rh1 Rxh6 40. Rxh6 Kxh6 41. Bxf5 Kg7 42. Kf4 h6 43. Ke5 Ba8 44. f4 Kf7 45. Kd6 Kf6 46. Bc8 h5 47. Kc7 Ke7 48. Kb8 Kd8 49. Bxa6 c5 50. bxc5 Bc6 51. Ka7 Kc7 52. f5 Bd7 53. f6 Be8 54. Bxb5 Bf7 55. a4 Bg6 56. Be2 Bf7 57. Bf3 Kc6 58. a5 Kc7 59. a6 Be6 60. Bxh5 Kc6 61. f7 Kb5 62. f8Q 1-0

[Event "Titled Tuesday intern op 27th Feb Late"]
[Site "Chess.com INT"]
[Date "2024.02.27"]
[Round "3"]
[White "Rangel, Daniel"]
[Black "Fiorito, Francisco"]
[Result "0-1"]
[WhiteElo "2176"]
[BlackElo "2368"]
[PlyCount "82"]
[EventDate "2024.02.27"]
[EventType "swiss (blitz)"]
[EventRounds "11"]
[EventCountry "USA"]
[SourceTitle "CB10_2024"]
[SourceDate "2024.03.06"]
[SourceVersion "1"]
[SourceVersionDate "2024.03.06"]
[SourceQuality "1"]

1. c4 Nf6 2. g3 c6 3. Bg2 d5 4. cxd5 cxd5 5. Nf3 Nc6 6. 0-0 Bg4 7. d4 Bxf3 8. Bxf3 e6 9. Nc3 Be7 10. Bg5 0-0 11. e3 Qb6 12. Qd2 Na5 13. Na4 Qb5 14. b3 Bb4 15. Qe2 Qxe2 16. Bxe2 Ne4 17. Bf4 Rac8 18. a3 Be7 19. f3 Nd2 20. Rfd1 Naxb3 21. Ra2 g5 22. Raxd2 Nxd2 23. Rxd2 gxf4 24. gxf4 Bxa3 25. Ra2 Be7 26. Bd3 Rc1+ 27. Kg2 Rfc8 28. Kh3 a6 29. Nb6 R8c7 30. Rg2+ Kh8 31. Rb2 f5 32. e4 dxe4 33. fxe4 R7c3 34. Rd2 Rb3 35. exf5 exf5 36. Nd5 Bd8 37. Kg2 Ba5 38. Re2 Rxd3 39. Re7 Rc2+ 40. Kf1 Rd1+ 41. Re1 Rxe1# 0-1

[Event "Titled Tuesday intern op 23rd Jan Late"]
[Site "Chess.com INT"]
[Date "2024.01.23"]
[Round "7"]
[White "Rangel, Daniel"]
[Black "Perea Fruet, Lorenzo"]
[Result "1-0"]
[WhiteElo "2176"]
[BlackElo "2323"]
[PlyCount "109"]
[EventDate "2024.01.23"]
[EventType "swiss (blitz)"]
[EventRounds "11"]
[EventCountry "USA"]
[SourceTitle "CB05_2024"]
[SourceDate "2024.01.31"]
[SourceVersion "1"]
[SourceVersionDate "2024.01.31"]
[SourceQuality "1"]

1. c4 b5 2. g3 bxc4 3. Bg2 Nc6 4. Bxc6 dxc6 5. Qa4 Qd5 6. Nf3 Qb5 7. Qc2 c5 8. Na3 Qc6 9. Nxc4 f6 10. d3 Bg4 11. Ncd2 e5 12. b3 Ne7 13. Ba3 Nf5 14. e4 Nd6 15. Qxc5 Qxc5 16. Bxc5 0-0-0 17. h3 Bh5 18. g4 Bg6 19. Bxa7 Nb5 20. Be3 Rxd3 21. Ke2 Rd7 22. Rhc1 Ba3 23. Rc4 Bf7 24. Rc2 Nd4+ 25. Bxd4 exd4 26. Kd3 Kb7 27. Nc4 Bb4 28. Rd1 Re8 29. Nfd2 h5 30. f3 g6 31. a3 Bc5 32. b4 Bb6 33. Nb3 Ra8 34. Nca5+ Bxa5 35. Nc5+ Kc8 36. Nxd7 Bb3 37. bxa5 Kxd7 38. Rdd2 Bxc2+ 39. Kxc2 Rxa5 40. Rxd4+ Ke6 41. a4 hxg4 42. hxg4 Ke5 43. Rd5+ Rxd5 44. exd5 Kxd5 45. Kd3 Kc5 46. Kc3 Kd5 47. Kb4 c5+ 48. Kc3 Kd6 49. Kc4 Kc6 50. a5 g5 51. a6 Kb6 52. Kd5 c4 53. Kxc4 Kxa6 54. Kd5 f5 55. gxf5 1-0

[Event "Titled Tuesday intern op 23rd Jan Late"]
[Site "Chess.com INT"]
[Date "2024.01.23"]
[Round "4"]
[White "Rangel, Daniel"]
[Black "Pham, Le Thao Nguyen"]
[Result "1-0"]
[WhiteElo "2176"]
[BlackElo "2395"]
[PlyCount "87"]
[EventDate "2024.01.23"]
[EventType "swiss (blitz)"]
[EventRounds "11"]
[EventCountry "USA"]
[SourceTitle "CB05_2024"]
[SourceDate "2024.01.31"]
[SourceVersion "1"]
[SourceVersionDate "2024.01.31"]
[SourceQuality "1"]

1. c4 c6 2. g3 d5 3. Bg2 Nf6 4. Nf3 Bf5 5. 0-0 e6 6. b3 h6 7. Bb2 Be7 8. d3 0-0 9. Nbd2 Nbd7 10. Qc2 Bh7 11. a3 a5 12. Rad1 Qb6 13. e3 Rfd8 14. Qc3 Nc5 15. Ne5 Rac8 16. h4 Bf8 17. Kh2 Qa6 18. g4 Nfd7 19. Nxd7 Nxd7 20. g5 hxg5 21. hxg5 b5 22. Rh1 dxc4 23. bxc4 b4 24. axb4 axb4 25. Qd4 f6 26. Qh4 fxg5 27. Qxg5 Bxd3 28. Ne4 Qxc4 29. Rxd3 Qxd3 30. Kg3 Qb5 31. Qh4 Qf5 32. Ng5 Bd6+ 33. f4 Bxf4+ 34. exf4 Qd3+ 35. Bf3 Kf8 36. Qh8+ Ke7 37. Qxg7+ Kd6 38. Rd1 Qxd1 39. Bxd1 Rg8 40. Qf7 Nc5 41. Be5+ Kd5 42. Bf3+ Kc4 43. Kf2 Rcf8 44. Qc7 1-0

[Event "Titled Tuesday intern op 23rd Jan Late"]
[Site "Chess.com INT"]
[Date "2024.01.23"]
[Round "10"]
[White "Rangel, Daniel"]
[Black "Rogov, Matfey"]
[Result "0-1"]
[WhiteElo "2176"]
[BlackElo "2200"]
[PlyCount "64"]
[EventDate "2024.01.23"]
[EventType "swiss (blitz)"]
[EventRounds "11"]
[EventCountry "USA"]
[SourceTitle "CB05_2024"]
[SourceDate "2024.01.31"]
[SourceVersion "1"]
[SourceVersionDate "2024.01.31"]
[SourceQuality "1"]

1. c4 e5 2. g3 Nf6 3. Bg2 c6 4. Nf3 e4 5. Nd4 Qb6 6. Nc2 Bc5 7. 0-0 d5 8. Nc3 Bd6 9. cxd5 cxd5 10. d3 exd3 11. Qxd3 0-0 12. Bg5 Nbd7 13. Nxd5 Nxd5 14. Qxd5 Qxb2 15. Qxd6 Qxc2 16. Rac1 Qf5 17. Be3 Nf6 18. Rc5 Qe6 19. Qxe6 Bxe6 20. Bxb7 Rab8 21. Bf3 Rb2 22. a4 Ng4 23. Ra5 Rc8 24. Rxa7 h5 25. Kg2 Ra2 26. a5 Ne5 27. a6 Nxf3 28. Kxf3 Bd5+ 29. Kf4 Re8 30. Bc5 Ra4+ 31. e4 Rexe4+ 32. Kg5 Re5# 0-1

[Event "Titled Tuesday intern op 16th Jan Early"]
[Site "Chess.com INT"]
[Date "2024.01.16"]
[Round "4"]
[White "Livaic, Leon"]
[Black "Rangel, Daniel"]
[Result "1-0"]
[WhiteElo "2557"]
[BlackElo "2176"]
[PlyCount "77"]
[EventDate "2024.01.16"]
[EventType "swiss (blitz)"]
[EventRounds "11"]
[EventCountry "USA"]
[SourceTitle "CB04_2024"]
[SourceDate "2023.10.16"]
[SourceVersion "1"]
[SourceVersionDate "2023.10.16"]
[SourceQuality "1"]

1. d4 Nf6 2. c4 e6 3. Nf3 d5 4. Nc3 Be7 5. g3 0-0 6. Bg2 a5 7. 0-0 c6 8. Re1 dxc4 9. Ne5 c5 10. dxc5 Bxc5 11. Nxc4 Nc6 12. Be3 Bxe3 13. Nxe3 Qb6 14. Qb3 Qxb3 15. axb3 Bd7 16. Red1 Rfd8 17. Nc4 Be8 18. Rxd8 Rxd8 19. Nxa5 Nxa5 20. Rxa5 Rd2 21. Bxb7 Rxb2 22. Ra3 Rc2 23. b4 Rb2 24. b5 g6 25. Bc6 Kf8 26. Ra8 Ke7 27. Ra7+ Kf8 28. Na4 Rb1+ 29. Kg2 Nd5 30. Ra8 Nf6 31. Nc5 Ke7 32. Ra7+ Kd6 33. Bxe8 Nxe8 34. Ne4+ Ke5 35. Ng5 Rxb5 36. Rxf7 h6 37. Nh3 Nf6 38. f4+ Kf5 39. e4+ 1-0

[Event "Titled Tuesday intern op 16th Jan Early"]
[Site "Chess.com INT"]
[Date "2024.01.16"]
[Round "9"]
[White "Rangel, Daniel"]
[Black "Jaiveer, Mahendru"]
[Result "0-1"]
[WhiteElo "2176"]
[BlackElo "2294"]
[PlyCount "86"]
[EventDate "2024.01.16"]
[EventType "swiss (blitz)"]
[EventRounds "11"]
[EventCountry "USA"]
[SourceTitle "CB04_2024"]
[SourceDate "2023.10.16"]
[SourceVersion "1"]
[SourceVersionDate "2023.10.16"]
[SourceQuality "1"]

1. c4 e5 2. g3 Nf6 3. Bg2 d5 4. cxd5 Nxd5 5. Nf3 Nc6 6. 0-0 Be6 7. d4 e4 8. Ng5 Qd7 9. Nxe4 Bh3 10. Bxh3 Qxh3 11. Ng5 Qd7 12. e4 Nb6 13. d5 Ne5 14. Nf3 Ng6 15. Nc3 h5 16. h4 0-0-0 17. a4 Nc4 18. Qd4 Nd6 19. Qxa7 Qg4 20. Nh2 Qh3 21. Nb5 Nxb5 22. axb5 Bd6 23. Qa8+ Kd7 24. Qxb7 Nxh4 25. Qc6+ Ke7 26. Bg5+ f6 27. Bxh4 g5 28. e5 Bxe5 29. Bxg5 Rhg8 30. Be3 Bxg3 31. Qe6+ Qxe6 32. dxe6 Be5+ 33. Kh1 Rd5 34. Rg1 Rb8 35. Rg7+ Kxe6 36. Rag1 Rdxb5 37. Rh7 Rxb2 38. Rxh5 R8b3 39. Rh3 c5 40. Ng4 Bd4 41. Rf3 f5 42. Bxd4 cxd4 43. Rxb3 Rxb3 0-1

[Event "Titled Tuesday intern op 16th Jan Early"]
[Site "Chess.com INT"]
[Date "2024.01.16"]
[Round "11"]
[White "Rangel, Daniel"]
[Black "Travkina, Anastasia"]
[Result "0-1"]
[WhiteElo "2176"]
[BlackElo "2202"]
[PlyCount "62"]
[EventDate "2024.01.16"]
[EventType "swiss (blitz)"]
[EventRounds "11"]
[EventCountry "USA"]
[SourceTitle "CB04_2024"]
[SourceDate "2023.10.16"]
[SourceVersion "1"]
[SourceVersionDate "2023.10.16"]
[SourceQuality "1"]

1. e4 c5 2. Nf3 d6 3. d4 cxd4 4. Nxd4 Nf6 5. Nc3 g6 6. Be2 Bg7 7. 0-0 Nc6 8. Nb3 0-0 9. Bg5 h6 10. Be3 b6 11. h3 Bb7 12. Qd2 Rc8 13. Bxh6 Ne5 14. Bxg7 Kxg7 15. Bd3 Rh8 16. f4 Nc4 17. Qc1 Qc7 18. Nb5 Qd7 19. Nxa7 Rc7 20. a4 Bxe4 21. Bxe4 Nxe4 22. Nb5 Rcc8 23. Qe1 d5 24. Ra2 Rxh3 25. gxh3 Qxh3 26. Qe2 Rh8 27. Qg2 Qe3+ 28. Rf2 Nxf2 29. Qxf2 Rh1+ 30. Kxh1 Qxf2 31. N3d4 Ne3 0-1

[Event "Titled Tuesday intern op 09th Jan Early"]
[Site "Chess.com INT"]
[Date "2024.01.09"]
[Round "9"]
[White "Rangel, Daniel"]
[Black "Kiseleva, Simona"]
[Result "1-0"]
[WhiteElo "2176"]
[BlackElo "2174"]
[PlyCount "69"]
[EventDate "2024.01.09"]
[EventType "swiss (blitz)"]
[EventRounds "11"]
[EventCountry "USA"]
[SourceTitle "CB03_2024"]
[SourceDate "2024.01.17"]
[SourceVersion "1"]
[SourceVersionDate "2024.01.17"]
[SourceQuality "1"]

1. d4 Nf6 2. Nf3 b6 3. Bf4 Bb7 4. e3 g6 5. Be2 Bg7 6. 0-0 0-0 7. a4 d6 8. a5 c5 9. h3 Nbd7 10. c3 Re8 11. Nbd2 cxd4 12. exd4 Ne4 13. a6 Bc6 14. Nxe4 Bxe4 15. Bd3 Bc6 16. Re1 b5 17. Qe2 Qb6 18. h4 e5 19. dxe5 dxe5 20. Be3 Qb8 21. Ng5 Nf6 22. Bc5 e4 23. Bc2 h6 24. Nh3 Nh5 25. Bb3 Qc7 26. Rad1 Rad8 27. Qg4 Kh7 28. Be3 f5 29. Qe2 f4 30. Bd4 f3 31. Qe3 Be5 32. Bxe5 Qxe5 33. Qxa7+ Kh8 34. Qe3 Qf5 35. Qxh6# 1-0

[Event "Titled Tuesday intern op 19th Dec Early"]
[Site "Chess.com INT"]
[Date "2023.12.19"]
[Round "10"]
[White "Bardyk, Artem"]
[Black "Rangel, Daniel"]
[Result "1-0"]
[WhiteElo "2206"]
[BlackElo "2176"]
[PlyCount "79"]
[EventDate "2023.12.19"]
[EventType "swiss (blitz)"]
[EventRounds "11"]
[EventCountry "USA"]
[SourceTitle "CB52_2023"]
[SourceDate "2023.12.27"]
[SourceVersion "1"]
[SourceVersionDate "2023.12.27"]
[SourceQuality "1"]

1. e4 c5 2. c3 g6 3. d4 cxd4 4. cxd4 d5 5. e5 Bg7 6. Nc3 Nc6 7. h3 Nh6 8. Nf3 0-0 9. Bb5 f6 10. Bxc6 bxc6 11. 0-0 Nf7 12. exf6 exf6 13. Re1 Re8 14. Bf4 Bf5 15. Qa4 Qb6 16. b3 Be4 17. Nd2 Bd3 18. Rxe8+ Rxe8 19. Nxd5 Qb5 20. Qxb5 cxb5 21. Rc1 Rd8 22. Ne7+ Kf8 23. Nc6 Rc8 24. d5 g5 25. Be3 Ne5 26. Bxa7 Nxc6 27. Rxc6 Rxc6 28. dxc6 Ke7 29. Bc5+ Kd8 30. Bb6+ Kc8 31. a4 bxa4 32. bxa4 f5 33. a5 Bb5 34. c7 g4 35. hxg4 fxg4 36. Ne4 Be5 37. Ng5 h5 38. Nf7 Bf4 39. g3 Bc1 40. Nd6+ 1-0

[Event "Titled Tuesday intern op 19th Dec Early"]
[Site "Chess.com INT"]
[Date "2023.12.19"]
[Round "2"]
[White "Filippova, Margarita"]
[Black "Rangel, Daniel"]
[Result "0-1"]
[WhiteElo "2026"]
[BlackElo "2176"]
[PlyCount "82"]
[EventDate "2023.12.19"]
[EventType "swiss (blitz)"]
[EventRounds "11"]
[EventCountry "USA"]
[SourceTitle "CB52_2023"]
[SourceDate "2023.12.27"]
[SourceVersion "1"]
[SourceVersionDate "2023.12.27"]
[SourceQuality "1"]

1. e4 c5 2. Nf3 g6 3. c3 Bg7 4. d4 cxd4 5. cxd4 d5 6. e5 Bg4 7. h3 Bxf3 8. Qxf3 e6 9. Nc3 Ne7 10. Bb5+ Nbc6 11. 0-0 0-0 12. Rd1 a6 13. Bxc6 Nxc6 14. Na4 b5 15. Nc5 Qe7 16. Be3 Rfc8 17. Rac1 Bf8 18. Qe2 Qa7 19. f4 b4 20. Qf2 a5 21. b3 Ne7 22. Rc2 Nf5 23. Rdc1 Nxe3 24. Qxe3 Rc6 25. Kf2 Rac8 26. g4 a4 27. Ke2 axb3 28. axb3 Bxc5 29. Rxc5 Rxc5 30. Rxc5 Rxc5 31. dxc5 Qa2+ 32. Kf1 Qb1+ 33. Kg2 Qb2+ 34. Kg3 Qc3 35. Kf3 d4 36. Qxc3 dxc3 37. Ke3 Kf8 38. f5 g5 39. f6 Ke8 40. Kd3 Kd7 41. Ke3 Kc6 0-1

[Event "Titled Tuesday intern op 19th Dec Early"]
[Site "Chess.com INT"]
[Date "2023.12.19"]
[Round "9"]
[White "Rangel, Daniel"]
[Black "Korol, Dimitry"]
[Result "1-0"]
[WhiteElo "2176"]
[BlackElo "2287"]
[PlyCount "91"]
[EventDate "2023.12.19"]
[EventType "swiss (blitz)"]
[EventRounds "11"]
[EventCountry "USA"]
[SourceTitle "CB52_2023"]
[SourceDate "2023.12.27"]
[SourceVersion "1"]
[SourceVersionDate "2023.12.27"]
[SourceQuality "1"]

1. c4 c5 2. g3 g6 3. Bg2 Bg7 4. Nc3 Nc6 5. e3 Nh6 6. Nge2 Nf5 7. 0-0 h5 8. h4 a6 9. b3 Rb8 10. Bb2 d6 11. d3 Bd7 12. Qd2 0-0 13. Rad1 b5 14. e4 Nfd4 15. Nxd4 Nxd4 16. Ne2 e5 17. Nc3 Kh7 18. Nd5 f5 19. Bxd4 cxd4 20. Rc1 Be6 21. f4 Bxd5 22. cxd5 exf4 23. exf5 Rxf5 24. Be4 Rf7 25. Qe2 Kh6 26. Qd2 Qe7 27. Rxf4 Rxf4 28. Qxf4+ Kh7 29. Qf3 Rf8 30. Qxh5+ Kg8 31. Qxg6 Qf6 32. Qxf6 Bxf6 33. Rc6 Be5 34. Kg2 Kg7 35. Rxa6 Kf6 36. g4 Rg8 37. g5+ Ke7 38. Ra7+ Kf8 39. Ra8+ Kg7 40. Rxg8+ Kxg8 41. a4 bxa4 42. bxa4 Kf8 43. a5 Ke7 44. a6 Kd7 45. a7 Kc7 46. a8Q 1-0

[Event "Titled Tuesday intern op 19th Dec Early"]
[Site "Chess.com INT"]
[Date "2023.12.19"]
[Round "3"]
[White "Rangel, Daniel"]
[Black "Viana, Valeria"]
[Result "1-0"]
[WhiteElo "2176"]
[BlackElo "1834"]
[PlyCount "103"]
[EventDate "2023.12.19"]
[EventType "swiss (blitz)"]
[EventRounds "11"]
[EventCountry "USA"]
[SourceTitle "CB52_2023"]
[SourceDate "2023.12.27"]
[SourceVersion "1"]
[SourceVersionDate "2023.12.27"]
[SourceQuality "1"]

1. e4 c6 2. c4 d5 3. cxd5 cxd5 4. exd5 Qxd5 5. Nc3 Qa5 6. Nf3 Nf6 7. Bc4 Bg4 8. h3 Bh5 9. d4 e6 10. 0-0 Be7 11. Qd3 Bg6 12. Qe2 Nc6 13. a3 0-0 14. Bf4 a6 15. Rad1 b5 16. Ba2 Qb6 17. Rfe1 Rfd8 18. d5 exd5 19. Bxd5 Bc5 20. Ne5 Nxd5 21. Nxd5 Qb7 22. Nxc6 Qxc6 23. Ne7+ Bxe7 24. Qxe7 Re8 25. Qb4 Bc2 26. Rc1 Rxe1+ 27. Qxe1 Qg6 28. Qe3 Be4 29. Qg3 Qxg3 30. Bxg3 Re8 31. Rc7 f6 32. Bf4 g5 33. Bd2 Ra8 34. Bc3 a5 35. Bxf6 b4 36. axb4 axb4 37. Bxg5 Ra2 38. Bf6 Ra1+ 39. Kh2 Rf1 40. f3 Bg6 41. Kg3 Rd1 42. Be5 Rd5 43. f4 Rd3+ 44. Kh4 Rd2 45. g4 Be4 46. Kg5 Rd3 47. h4 Rd5 48. h5 Rb5 49. h6 Rb6 50. Rg7+ Kf8 51. Ra7 Rg6+ 52. Kh5 1-0